Statistics for Super Smash Bros. Ultimate All Poké Ball Pokémon

Click here to take the quiz!

General Stats

  • This quiz has been taken 195 times
    (187 since last reset)
  • The average score is 35 of 55

Answer Stats

Answer% Correct
Mew
87%
Kyogre
82%
Moltres
82%
Goldeen
81%
Solgaleo
77%
Lunala
76%
Palkia
75%
Arceus
74%
Entei
72%
Victini
72%
Xerneas
72%
Snivy
71%
Deoxys
70%
Lugia
70%
Suicune
69%
Chespin
68%
Ditto
68%
Snorlax
68%
Alolan Vulpix
67%
Giratina
67%
Keldeo
67%
Vulpix
67%
Eevee
66%
Kyurem
66%
Latias & Latios
66%
Alolan Raichu
65%
Darkrai
65%
Oshawott
65%
Marshadow
64%
Fennekin
63%
Genesect
63%
Zoroark
63%
Dedenne
62%
Alolan Exeggutor
61%
Fletchling
61%
Meowth
61%
Metagross
61%
Staryu
61%
Gogoat
58%
Tapu Koko
58%
Abra
57%
Electrode
57%
Meloetta
57%
Scizor
57%
Mimikyu
56%
Gardevoir
55%
Spewpa
54%
Abomasnow
53%
Togepi
52%
Bewear
51%
Togedemaru
51%
Bellossom
50%
Pyukumuku
49%
Inkay
44%
Swirlix
44%

Score Distribution

Percentile by Number Answered

Percent of People with Each Score

Your Score History

You have not taken this quiz since the last reset